Faculty of Law Library — Cairo University

Official Online Catalog

جرائم التعزير المنظم فى المملكة العربية السعودية : (Record no. 65855)

MARC details
000 -LEADER
fixed length control field 01465nam a2200349 i 4500
003 - CONTROL NUMBER IDENTIFIER
control field EG-GICUC
005 - DATE AND TIME OF LATEST TRANSACTION
control field 20260308231157.0
008 - FIXED-LENGTH DATA ELEMENTS--GENERAL INFORMATION
fixed length control field 260308s19931414ua ||||fr|||| 00| 0 ara d
017 ## - COPYRIGHT OR LEGAL DEPOSIT NUMBER
Copyright or legal deposit number 93/10166
020 ## - INTERNATIONAL STANDARD BOOK NUMBER
International Standard Book Number 9770061190
040 ## - CATALOGING SOURCE
Original cataloging agency EG-GICUC
Language of cataloging ara
Transcribing agency EG-GICUC
Modifying agency EG-GICUC
Description conventions rda
041 ## - LANGUAGE CODE
Language code of text/sound track or separate title ara
082 04 - DEWEY DECIMAL CLASSIFICATION NUMBER
Edition number 21
Classification number 343.6520531
Item number ن ج . ج
092 04 - LOCALLY ASSIGNED DEWEY CALL NUMBER (OCLC)
Edition number 21
099 ## - LOCAL FREE-TEXT CALL NUMBER (OCLC)
Classification number Law1 10 343.6520531 ن ج . ج 1 ed - 1993
100 0# - MAIN ENTRY--PERSONAL NAME
Personal name نجاتى سيد أحمد سند
Relator term مؤلف.
245 10 - TITLE STATEMENT
Title جرائم التعزير المنظم فى المملكة العربية السعودية :
Remainder of title (دراسة تطبيقية فى ضوء أحكام ديوان المظالم والقضاء المقارن) /
Statement of responsibility, etc. تأليف الدكتور نجاتى سيد أحمد سند.
250 ## - EDITION STATEMENT
Edition statement الطبعة الأولى،
Remainder of edition statement ه1414 -1993م
264 #3 - PRODUCTION, PUBLICATION, DISTRIBUTION, MANUFACTURE, AND COPYRIGHT NOTICE
Place of production, publication, distribution, manufacture مصر الجديدة :
Name of producer, publisher, distributor, manufacturer دار الطيف للمطبوعات،
Date of production, publication, distribution, manufacture, or copyright notice 1993.
300 ## - PHYSICAL DESCRIPTION
Extent 465 صفحة ;
Dimensions 24 سم.
336 ## - CONTENT TYPE
Source rda content
Content type term text
337 ## - MEDIA TYPE
Source rda media
Media type term Computer
338 ## - CARRIER TYPE
Source rda carrier
Carrier type term Online Resource
504 ## - BIBLIOGRAPHY, ETC. NOTE
Bibliography, etc. note يشتمل على إرجاعات ببليوجرافية.
546 ## - LANGUAGE NOTE
Language note النص باللغة العربية
650 1# - SUBJECT ADDED ENTRY--TOPICAL TERM
Topical term or geographic name entry element القانون الجنائي
650 1# - SUBJECT ADDED ENTRY--TOPICAL TERM
Topical term or geographic name entry element الإجرام المنظم
Geographic subdivision السعودية
650 1# - SUBJECT ADDED ENTRY--TOPICAL TERM
Topical term or geographic name entry element جرائم التعزير المنظم
856 40 - ELECTRONIC LOCATION AND ACCESS
Uniform Resource Identifier <a href="https://fll.law.cu.edu.eg/fulltext/bks/B10-08332.pdf">https://fll.law.cu.edu.eg/fulltext/bks/B10-08332.pdf</a>
905 ## - Cataloger and Reviser Names
Cataloger Name: Gomana
942 ## - ADDED ENTRY ELEMENTS (KOHA)
Source of classification or shelving scheme Dewey Decimal Classification
Suppress in OPAC No
Koha item type Books
Edition 21
Holdings
Withdrawn status Lost status Source of classification or shelving scheme Damaged status Not for loan Collection Home library Current library Date acquired Total checkouts Full call number Barcode Date last seen Copy number Price effective from Koha item type
    Dewey Decimal Classification   Not for loan القانون الجنائي جــــامعة القــاهرة مكتبة كلية الحقوق - المبنى الرئيسي 08.03.2026   Law1 10 343.6520531 ن ج . ج 1 ed - 1993 1008332 C1 B10-08332 08.03.2026 1 08.03.2026 Books
    Dewey Decimal Classification     القانون الجنائي جــــامعة القــاهرة مكتبة كلية الحقوق - المبنى الرئيسي 08.03.2026   Law1 10 343.6520531 ن ج . ج 1 ed - 1993 1008333 C2 B10-08333 08.03.2026 2 08.03.2026 Books

© All rights reserved — Faculty of Law, Cairo University